000 00294nam a2200109Ia 4500
008 220204s9999 xx 000 0 und d
082 _a035
_bMIS
100 _aMISRA, Anand Swarup
245 0 _aOfficer's companion in administration and law
260 _aLucknow
_bEastern Book
_c1975
942 _cBK
999 _c25932
_d25932